Gaming Quiz

Random Gaming Quiz

Best Fifa 11 Players Quiz Stats

Quiz not verified by Sporcle

Challenge
Share
Tweet
Embed
Score 0/46 Timer 10:00
0 Plays Today
Nationality Player % Correct
ArgentinaMessi
98.8%
EnglandRooney
90.7%
Ivory CoastDrogba
89.7%
SpainXavi
86.8%
SpainIniesta
83.5%
EnglandLampard
81.3%
PortugalCristiano Ronaldo
81.1%
SpainCasillas
79.3%
EnglandGerrard
77.3%
SpainDavid Villa
76.6%
SpainPuyol
75.8%
UruguayForlan
73.7%
NetherlandsRobben
72.6%
SerbiaVidic
72.1%
EnglandTerry
67.8%
SpainPique
66.8%
Netherlandsvan Persie
63.5%
ArgentinaTevez
62.9%
RussiaArshavin
62.4%
BrazilKaka
62.4%
SpainFernando Torres
60.4%
SpainFabregas
59.9%
FranceRibery
58.9%
Nationality Player % Correct
SwedenIbrahimovic
57.6%
NetherlandsSneijder
57.4%
EngalndFerdinand
55.9%
GhanaEssien
54.6%
Bosnia HerzegovinaDzeko
53.8%
GermanyLahm
49%
SpainSergio Ramos
48.4%
BrazilMaicon
46.6%
BrazilJulio Cesar
45.1%
ItalyBuffon
44.4%
ArgentinaHiguain
44.1%
GermanySchweinsteiger
41.9%
BrazilLucio
41.9%
SpainDavid Silva
39.2%
SpainXabi Alonso
38.2%
SpainValdes
34.1%
FranceAnelka
33.7%
ArgentinaMilito
33%
GermanyNeuer
32.4%
Spain Reina
28.5%
ArgentinaSamuel
24%
ItalyChiellini
23.2%
ArgentinaLopez
11.7%

You're not logged in!

Compare scores with friends on all Sporcle quizzes.
Join for Free
OR
Log In

You Might Also Like...

Show Comments

Extras

Created Feb 11, 2011ReportNominate

Top Quizzes Today


Score Distribution

Your Account Isn't Verified!

In order to create a playlist on Sporcle, you need to verify the email address you used during registration. Go to your Sporcle Settings to finish the process.

Report this User

Report this user for behavior that violates our Community Guidelines.

Details: